[Event "January Lviv Tradition (IM-group)"]
[Site "Lviv"]
[Date "2016.01.27"]
[Round "5.3"]
[White "Krykun, Yuriy"]
[Black "Kiolbasa, Oliwia"]
[Result "1-0"]
[WhiteElo "2326"]
[BlackElo "2236"]
[PlyCount "105"]
[EventDate "2016.01.25"]

1. Nf3 c5 2. c4 Nc6 3. Nc3 g6 4. e3 Bg7 5. d4 cxd4 6. exd4 d6 7. d5 Ne5 8. Nxe5
Bxe5 9. Bd3 Bg7 10. O-O Nf6 11. h3 O-O 12. Re1 e5 13. dxe6 Bxe6 14. Bg5 Qa5 15.
Qd2 Rfc8 16. Rad1 Ne8 17. Nd5 Qxd2 18. Rxd2 Bxd5 19. cxd5 Nf6 20. Re7 Rab8 21.
Bf1 Rc5 22. Be3 Rxd5 23. Rxd5 Nxd5 24. Bxa7 Nxe7 25. Bxb8 Bxb2 26. Bxd6 Nf5 27.
Bb4 Kg7 28. Bc4 Kf6 29. Kf1 Nd4 30. Bd2 Ke7 31. Bd5 b6 32. Be3 f6 33. g4 g5 34.
Be4 h6 35. f4 Kd6 36. h4 gxh4 37. Kg2 f5 38. gxf5 b5 39. Kh3 Ne2 40. Kxh4 Bf6+
41. Kg4 Nc3 42. Bd3 Nxa2 43. Bxb5 Nc3 44. Bc4 Nd1 45. Ba7 Nb2 46. Bb5 Kd5 47.
Kh5 Ke4 48. Kg6 Bc3 49. Bb8 Nd3 50. Bxd3+ Kxd3 51. f6 Ke4 52. f7 Bb4 53. Kxh6
1-0

[Event "January Lviv Tradition (IM-group)"]
[Site "Lviv"]
[Date "2016.01.27"]
[Round "5.4"]
[White "Sabuk, Piotr"]
[Black "Vasina, Olena"]
[Result "1/2-1/2"]
[WhiteElo "2416"]
[BlackElo "2095"]
[PlyCount "100"]
[EventDate "2016.01.25"]

1. d4 d5 2. c4 c6 3. Nf3 Nf6 4. Nc3 dxc4 5. a4 Bf5 6. Ne5 Nbd7 7. Nxc4 Nb6 8.
Ne5 a5 9. Bg5 Nfd7 10. Nxd7 Qxd7 11. e4 Bg6 12. d5 e6 13. Qd4 Nc8 14. dxc6 bxc6
15. Qxd7+ Kxd7 16. O-O-O+ Kc7 17. Bd8+ Kb8 18. Rd7 Bd6 19. Be2 f5 20. exf5 Bxf5
21. Bg5 Ra7 22. Rxa7 Nxa7 23. g4 Bg6 24. Bc4 Rf8 25. Be3 Bf4 26. Kd2 e5 27. Ke2
Nc8 28. Rd1 Bxe3 29. fxe3 Kc7 30. Bd3 Bxd3+ 31. Kxd3 Nd6 32. Ne4 Rb8 33. Nxd6
Kxd6 34. Kc4+ Ke6 35. Kc5 Rxb2 36. Rd6+ Ke7 37. Rxc6 Rb4 38. Kd5 Rxa4 39. e4
Rb4 40. Kxe5 Rb5+ 41. Kd4 h5 42. Rg6 Kf7 43. gxh5 Rxh5 44. Ra6 Rxh2 45. Rxa5
Rd2+ 46. Ke5 Rd7 47. Ra6 Re7+ 48. Kf5 g6+ 49. Rxg6 Rxe4 50. Kxe4 Kxg6 $11
1/2-1/2

[Event "January Lviv Tradition (IM-group)"]
[Site "Lviv"]
[Date "2016.01.27"]
[Round "5.5"]
[White "Goluch, Piotr"]
[Black "Frolov, Artur"]
[Result "0-1"]
[WhiteElo "2308"]
[BlackElo "2499"]
[PlyCount "76"]
[EventDate "2016.01.25"]

1. Nf3 Nf6 2. d4 e6 3. c4 b6 4. g3 Ba6 5. Qa4 Bb7 6. Bg2 Be7 7. O-O O-O 8. Nc3
c5 9. d5 exd5 10. cxd5 Nxd5 11. Nxd5 Bxd5 12. Rd1 Bc6 13. Qb3 Bf6 14. Bf4 a5
15. a4 Re8 16. Bxb8 Qxb8 17. e3 Re4 18. Qc2 Rb4 19. Ra2 Be4 20. Qd2 d5 21. Ne1
Qc8 22. Bxe4 dxe4 23. Qc2 Qe6 24. Rda1 Rd8 25. Ng2 g5 26. h4 h6 27. hxg5 hxg5
28. Ne1 Kg7 29. Qe2 Qh3 30. Qf1 Qxf1+ 31. Kxf1 Rd2 32. Rc1 Rdxb2 33. Rc2 Rb1
34. Ke2 c4 35. f3 exf3+ 36. Nxf3 c3 37. Ne1 R4b2 38. Raxb2 Rxe1+ 0-1

[Event "January Lviv Tradition (IM-group)"]
[Site "Lviv"]
[Date "2016.01.27"]
[Round "5.6"]
[White "Pugachov, Ilia"]
[Black "Shkuran, Daniil"]
[Result "0-1"]
[WhiteElo "2114"]
[BlackElo "2426"]
[PlyCount "92"]
[EventDate "2016.01.25"]

1. d4 Nf6 2. c4 g6 3. Nc3 Bg7 4. Nf3 O-O 5. g3 d6 6. Bg2 c6 7. O-O Qa5 8. e4
Qh5 9. Re1 e5 10. dxe5 dxe5 11. Nd2 Na6 12. Qxh5 Nxh5 13. a3 Nc5 14. b4 Nd3 15.
Rd1 a5 16. Nb3 axb4 17. Rxd3 bxc3 18. Rxc3 Rd8 19. Bg5 Bf6 20. Be3 Nf4 21. gxf4
exf4 22. Bb6 Bxc3 23. Bxd8 Bxa1 24. Nxa1 Rxa3 25. Bf6 Rd3 26. h4 Be6 27. c5
Rd1+ 28. Kh2 Rc1 29. Bd4 h6 30. Bh3 Bxh3 31. Kxh3 Rc4 32. Be5 Rxe4 33. Bd6 Rc4
34. f3 f5 35. Nb3 Ra4 36. Bc7 Ra3 37. Nd4 Rd3 38. Ne2 Rxf3+ 39. Kg2 Re3 40.
Nxf4 Kf7 41. h5 g5 42. Ng6 Ke6 43. Bd6 f4 44. Bf8 Kf5 45. Kf2 Kg4 46. Ne7 Rc3
0-1

[Event "January Lviv Tradition (IM-group)"]
[Site "Lviv"]
[Date "2016.01.28"]
[Round "6.1"]
[White "Bondarets, Vadim"]
[Black "Shkuran, Daniil"]
[Result "1/2-1/2"]
[WhiteElo "2299"]
[BlackElo "2426"]
[PlyCount "60"]
[EventDate "2016.01.25"]

1. Nf3 Nf6 2. c4 g6 3. Nc3 Bg7 4. d4 O-O 5. g3 d6 6. Bg2 c6 7. O-O Qa5 8. e4 e5
9. h3 Be6 10. d5 cxd5 11. cxd5 Bd7 12. Be3 Na6 13. a3 Rfc8 14. Nd2 Qd8 15. Rc1
Rc7 16. b4 Rac8 17. Qb3 b6 18. f3 Ne8 19. Rfd1 f5 20. Bf2 Nf6 21. Bf1 Nb8 22.
Na2 Rxc1 23. Nxc1 fxe4 24. Nxe4 Nxe4 25. fxe4 Bh6 26. Nd3 Qf6 27. Kg2 Bb5 28.
a4 Bxd3 29. Rxd3 Nd7 30. Rc3 Rf8 $11 1/2-1/2

[Event "January Lviv Tradition (IM-group)"]
[Site "Lviv"]
[Date "2016.01.28"]
[Round "6.2"]
[White "Frolov, Artur"]
[Black "Pugachov, Ilia"]
[Result "1/2-1/2"]
[WhiteElo "2499"]
[BlackElo "2114"]
[PlyCount "45"]
[EventDate "2016.01.25"]

1. e4 c5 2. Nf3 d6 3. d4 cxd4 4. Nxd4 Nf6 5. Nc3 Nc6 6. Bc4 e6 7. Be3 Be7 8.
Qe2 O-O 9. O-O-O a6 10. Bb3 Qc7 11. g4 Nd7 12. g5 Nc5 13. Rhg1 Bd7 14. f4 b5
15. f5 b4 16. Nxc6 Bxc6 17. Bxc5 dxc5 18. f6 bxc3 19. fxe7 cxb2+ 20. Kb1 Qxe7
21. e5 Rfd8 22. h4 Rxd1+ 23. Rxd1 $11 1/2-1/2

[Event "January Lviv Tradition (IM-group)"]
[Site "Lviv"]
[Date "2016.01.28"]
[Round "6.3"]
[White "Vasina, Olena"]
[Black "Goluch, Piotr"]
[Result "0-1"]
[WhiteElo "2095"]
[BlackElo "2308"]
[PlyCount "76"]
[EventDate "2016.01.25"]

1. e4 c6 2. d4 d5 3. e5 Bf5 4. Be3 e6 5. Nd2 Ne7 6. c3 Bg6 7. f4 Nf5 8. Bf2 h5
9. g3 Nd7 10. Ngf3 Be7 11. Be2 a6 12. b4 f6 13. exf6 gxf6 14. O-O Bf7 15. Bd3
Nd6 16. f5 e5 17. Nh4 e4 18. Be2 Nf8 19. Be3 Qd7 20. a4 b6 21. Rc1 Rh7 22. c4
dxc4 23. Nxc4 Nxc4 24. Bxc4 Bxc4 25. Rxc4 b5 26. Rc1 Bxb4 27. Qb3 Be7 28. Qc2
Qd5 29. Rf4 Bd6 30. Rxe4+ Kd7 31. Bf2 b4 32. Nf3 b3 33. Qb1 Re7 34. Nd2 Rb8 35.
Rxe7+ Bxe7 36. Ne4 b2 37. Rd1 Ke8 38. Nc5 Bxc5 0-1

[Event "January Lviv Tradition (IM-group)"]
[Site "Lviv"]
[Date "2016.01.28"]
[Round "6.4"]
[White "Kiolbasa, Oliwia"]
[Black "Sabuk, Piotr"]
[Result "0-1"]
[WhiteElo "2236"]
[BlackElo "2416"]
[PlyCount "120"]
[EventDate "2016.01.25"]

1. e4 e5 2. Nf3 Nc6 3. Bc4 d6 4. a4 g6 5. O-O Bg7 6. c3 Nf6 7. Re1 O-O 8. d3 d5
9. exd5 Nxd5 10. a5 h6 11. Qb3 Nde7 12. Nbd2 Rb8 13. Qc2 b6 14. axb6 cxb6 15.
b4 b5 16. Ba2 Qc7 17. Ba3 Rd8 18. Ne4 Bg4 19. Qe2 Nd5 20. Bxd5 Rxd5 21. h3 Bf5
22. Nc5 Rbd8 23. Rad1 a5 24. Nh4 Bc8 25. Qa2 axb4 26. cxb4 Kh7 27. Nf3 Qa7 28.
Qb3 f5 29. Bb2 Qc7 30. Rc1 Qb6 31. Re2 Bf8 32. Bc3 Qb8 33. Rce1 Qd6 34. Qb2 Re8
35. Qb3 g5 36. Qb2 Re7 37. Kh1 Bg7 38. Qa1 Kg6 39. Qa8 Re8 40. Qa1 h5 41. Qb2
g4 42. Nd2 Nd4 43. Re3 Bh6 44. Nf1 Bxe3 45. Nxe3 Rxc5 46. bxc5 Qxc5 47. Nxg4
hxg4 48. Bxd4 Qd5 49. Rxe5 Rxe5 50. Bxe5 Bb7 51. f3 gxf3 52. Bh8 fxg2+ 53. Kg1
Qc5+ 54. Bd4 Qd6 55. Qf2 f4 56. Bc5 Qxd3 57. Qxf4 Qd1+ 58. Kh2 Qh1+ 59. Kg3
g1=Q+ 60. Bxg1 Qxg1+ 0-1

[Event "January Lviv Tradition (IM-group)"]
[Site "Lviv"]
[Date "2016.01.28"]
[Round "6.5"]
[White "Szostko, Jakub"]
[Black "Krykun, Yuriy"]
[Result "1/2-1/2"]
[WhiteElo "2198"]
[BlackElo "2326"]
[PlyCount "74"]
[EventDate "2016.01.25"]

1. e4 c5 2. Nf3 d6 3. d4 cxd4 4. Nxd4 Nf6 5. Nc3 Nc6 6. Bg5 e6 7. Qd2 Be7 8.
O-O-O O-O 9. f4 Nxd4 10. Qxd4 Qa5 11. Be2 e5 12. Qe3 Be6 13. a3 exf4 14. Bxf4
b5 15. Nxb5 Ng4 16. Qg3 Rab8 17. Bd2 Qb6 18. Bc3 Qf2 19. Bxg4 Qxg3 20. hxg3
Bxg4 21. Rd5 Be6 22. Rdh5 h6 23. Nxa7 Bg5+ 24. Kb1 Rb7 25. Nc6 Rc8 26. Nb4 Bg4
27. R5h2 Re7 28. Re1 Rce8 29. Nd3 Bc8 30. e5 dxe5 31. Rxe5 Rxe5 32. Bxe5 Bf5
33. Bf4 Bf6 34. g4 Bxd3 35. cxd3 Re1+ 36. Ka2 Re2 37. Bc1 Re1 $11 1/2-1/2

[Event "January Lviv Tradition (IM-group)"]
[Site "Lviv"]
[Date "2016.01.28"]
[Round "6.6"]
[White "Bunyatov, Rustam"]
[Black "Nester, Ihor"]
[Result "1/2-1/2"]
[WhiteElo "2198"]
[BlackElo "2303"]
[PlyCount "57"]
[EventDate "2016.01.25"]

1. e4 e5 2. Nf3 Nf6 3. Nxe5 d6 4. Nf3 Nxe4 5. Qe2 Qe7 6. Nc3 Nxc3 7. Qxe7+ Bxe7
8. dxc3 Bf5 9. Bd3 Bxd3 10. cxd3 Nd7 11. Bg5 Bxg5 12. Nxg5 h6 13. Nf3 O-O-O 14.
O-O-O Ne5 15. Nxe5 dxe5 16. Rhe1 f6 17. Re4 Rd6 18. Kc2 Rhd8 19. Rd2 Rd5 20.
Re3 c5 21. Rde2 Kc7 22. Rg3 R5d7 23. Rge3 Kc6 24. Rg3 Kc7 25. Rge3 Kc6 26. Rg3
Kc7 27. Rge3 Kc6 28. Rg3 Kc7 29. Rge3 $11 1/2-1/2

[Event "January Lviv Tradition (IM-group)"]
[Site "Lviv"]
[Date "2016.01.29"]
[Round "7.1"]
[White "Nester, Ihor"]
[Black "Bondarets, Vadim"]
[Result "1/2-1/2"]
[WhiteElo "2303"]
[BlackElo "2299"]
[PlyCount "62"]
[EventDate "2016.01.25"]

1. Nf3 d5 2. d4 Nf6 3. c4 c6 4. e3 Bf5 5. Bd3 Bxd3 6. Qxd3 e6 7. Nc3 Be7 8. O-O
O-O 9. e4 dxe4 10. Nxe4 Nxe4 11. Qxe4 Nd7 12. Bf4 Nf6 13. Qc2 c5 14. Rad1 cxd4
15. Nxd4 Qb6 16. h3 Rac8 17. Qe2 Rfd8 18. Nf3 h6 19. b3 a6 20. Be3 Bc5 21. Bxc5
Qxc5 22. Rxd8+ Rxd8 23. Rd1 Rxd1+ 24. Qxd1 Qc7 25. Qd4 Kf8 26. Ne5 Ke7 27. b4
Ne8 28. c5 f6 29. Nc4 Qd7 30. Qe4 Qc6 31. Qd4 Qd7 $11 1/2-1/2

[Event "January Lviv Tradition (IM-group)"]
[Site "Lviv"]
[Date "2016.01.29"]
[Round "7.2"]
[White "Krykun, Yuriy"]
[Black "Bunyatov, Rustam"]
[Result "1/2-1/2"]
[WhiteElo "2326"]
[BlackElo "2198"]
[PlyCount "61"]
[EventDate "2016.01.25"]

1. Nf3 Nf6 2. c4 g6 3. g3 Bg7 4. Bg2 O-O 5. O-O c6 6. d4 d6 7. b3 Bf5 8. Bb2 a5
9. Nc3 Ne4 10. Re1 Nxc3 11. Bxc3 Be4 12. e3 d5 13. Bf1 Bxf3 14. Qxf3 e6 15.
Rac1 f5 16. a3 Nd7 17. b4 axb4 18. axb4 Nf6 19. b5 Ne4 20. Bb4 Rf7 21. bxc6
bxc6 22. cxd5 cxd5 23. Rc6 Rc7 24. Rxc7 Qxc7 25. Bd3 $11 Ra2 26. Re2 Ra1+ 27.
Re1 Ra2 28. Re2 Ra1+ 29. Re1 Ra2 30. Re2 Ra1+ 31. Re1 1/2-1/2

[Event "January Lviv Tradition (IM-group)"]
[Site "Lviv"]
[Date "2016.01.29"]
[Round "7.3"]
[White "Sabuk, Piotr"]
[Black "Szostko, Jakub"]
[Result "1/2-1/2"]
[WhiteElo "2416"]
[BlackElo "2198"]
[PlyCount "104"]
[EventDate "2016.01.25"]

1. d4 Nf6 2. c4 e6 3. g3 d5 4. Nf3 dxc4 5. Bg2 c5 6. O-O Nc6 7. Qa4 cxd4 8.
Nxd4 Qxd4 9. Bxc6+ Bd7 10. Rd1 Bxc6 11. Qxc6+ bxc6 12. Rxd4 Rd8 13. Rxc4 Rd1+
14. Kg2 Kd7 15. Nc3 Re1 16. b3 Bd6 17. Bb2 Rxa1 18. Bxa1 e5 19. Kf3 Rb8 20. Ra4
Rb7 21. g4 Nd5 22. g5 Nb4 23. Ne4 Ke6 24. Bb2 Be7 25. Ra5 f6 26. h4 Nd5 27.
Nc5+ Bxc5 28. Rxc5 Ne7 29. Ra5 Nc8 30. Rc5 Ne7 31. Ra5 Nc8 32. h5 Rb5 33. Rxb5
cxb5 34. h6 gxh6 35. gxf6 Nd6 36. Kg4 Nf7 37. f4 Kxf6 38. e4 Ke7 39. Kf5 exf4
40. Bf6+ Ke8 41. Kxf4 a5 42. Kf5 Kd7 43. Bh4 a4 44. Kf6 axb3 45. axb3 Nd8 46.
Kg7 Ne6+ 47. Kf7 h5 48. Bf6 Nc5 49. e5 Ne6 50. Bh4 Nc7 51. Bg5 Ne6 52. Bh4 Nc7
1/2-1/2

[Event "January Lviv Tradition (IM-group)"]
[Site "Lviv"]
[Date "2016.01.29"]
[Round "7.4"]
[White "Goluch, Piotr"]
[Black "Kiolbasa, Oliwia"]
[Result "1/2-1/2"]
[WhiteElo "2308"]
[BlackElo "2236"]
[PlyCount "59"]
[EventDate "2016.01.25"]

1. Nf3 c5 2. e4 Nc6 3. c3 d5 4. exd5 Qxd5 5. d4 e6 6. Be3 cxd4 7. cxd4 Nf6 8.
Nc3 Qd8 9. Bd3 Be7 10. O-O O-O 11. a3 b6 12. Qe2 Bb7 13. Rad1 Rc8 14. Rfe1 Nd5
15. Bc1 Na5 16. Ne4 Nb3 17. Bg5 Nxd4 18. Nxd4 Bxg5 19. Nb5 Nf4 20. Qg4 Nxd3 21.
Nxg5 Rc4 22. Qg3 Nxe1 23. Rxd8 Rxd8 24. Nxf7 Rc1 25. Nh6+ Kh8 26. Nf7+ Kg8 27.
Nh6+ Kh8 28. Nf7+ Kg8 29. Nh6+ Kh8 30. Nf7+ $11 1/2-1/2

[Event "January Lviv Tradition (IM-group)"]
[Site "Lviv"]
[Date "2016.01.29"]
[Round "7.5"]
[White "Pugachov, Ilia"]
[Black "Vasina, Olena"]
[Result "1-0"]
[WhiteElo "2114"]
[BlackElo "2095"]
[PlyCount "71"]
[EventDate "2016.01.25"]

1. e4 c5 2. Nf3 a6 3. b4 cxb4 4. a3 d5 5. exd5 Qxd5 6. Be2 e6 7. O-O Nf6 8. Bb2
Nc6 9. axb4 Bxb4 10. c4 Qd8 11. d4 O-O 12. Bd3 h6 13. Qe2 Be7 14. Rd1 Nb4 15.
Nc3 Nxd3 16. Rxd3 Qc7 17. Ne5 Nd7 18. Rg3 Nxe5 19. dxe5 f5 20. Nb5 Qc6 21. Nd6
f4 22. Rg6 f3 23. Qd3 b6 24. Rd1 Bg5 25. Ne4 Ra7 26. Nf6+ Bxf6 27. exf6 Rd7 28.
Rxg7+ Rxg7 29. fxg7 Re8 30. Qg6 fxg2 31. Qxh6 Bd7 32. Qh8+ Kf7 33. Qh5+ Kg8 34.
Qh8+ Kf7 35. g8=Q+ Rxg8 36. Qh7+ 1-0

[Event "January Lviv Tradition (IM-group)"]
[Site "Lviv"]
[Date "2016.01.29"]
[Round "7.6"]
[White "Shkuran, Daniil"]
[Black "Frolov, Artur"]
[Result "1/2-1/2"]
[WhiteElo "2426"]
[BlackElo "2499"]
[PlyCount "80"]
[EventDate "2016.01.25"]

1. e4 e5 2. Nf3 Nc6 3. Bb5 a6 4. Ba4 Nf6 5. Qe2 b5 6. Bb3 Be7 7. O-O O-O 8. a4
b4 9. Rd1 Bb7 10. a5 d5 11. d3 h6 12. Nbd2 dxe4 13. Nxe4 Nd4 14. Nxd4 exd4 15.
Nxf6+ Bxf6 16. Bf4 g5 17. Bd2 c5 18. f4 Bd5 19. Rf1 Bxb3 20. cxb3 Qd5 21. Qg4
Bg7 22. fxg5 h5 23. Qd1 Rae8 24. Rf3 Re5 25. Bf4 Rf5 26. Qc2 Re8 27. Raf1 Be5
28. Qe2 Re6 29. Qf2 Bxf4 30. Rxf4 Rxf4 31. Qxf4 Re2 32. Qg3 Kg7 33. Rf3 Qxb3
34. g6 fxg6 35. Qc7+ Kh6 36. Qc8 Re1+ 37. Kf2 Re7 38. Qf8+ Rg7 39. Qh8+ Rh7 40.
Qf8+ Rg7 1/2-1/2

[Event "January Lviv Tradition (IM-group)"]
[Site "Lviv"]
[Date "2016.01.29"]
[Round "8.1"]
[White "Bondarets, Vadim"]
[Black "Frolov, Artur"]
[Result "1/2-1/2"]
[WhiteElo "2299"]
[BlackElo "2499"]
[PlyCount "60"]
[EventDate "2016.01.25"]

1. Nf3 Nf6 2. c4 g6 3. Nc3 Bg7 4. g3 O-O 5. Bg2 c6 6. O-O d5 7. cxd5 cxd5 8. d4
Ne4 9. Nxe4 dxe4 10. Ne5 Qd5 11. b3 Nc6 12. Nxc6 bxc6 13. Ba3 Bxd4 14. Rc1 Ba6
15. Qc2 Qa5 16. Bxe7 Rfe8 17. Bc5 Bxc5 18. Qxc5 Qxc5 19. Rxc5 Bxe2 20. Re1 Bf3
21. Rxc6 Bxg2 22. Kxg2 Re7 23. Rd1 Rb8 24. Rd4 Rbb7 25. Rc3 Rbd7 26. Rcc4 Rxd4
27. Rxd4 e3 28. fxe3 Rxe3 29. Ra4 Re7 30. Kf3 h5 1/2-1/2

[Event "January Lviv Tradition (IM-group)"]
[Site "Lviv"]
[Date "2016.01.29"]
[Round "8.2"]
[White "Vasina, Olena"]
[Black "Shkuran, Daniil"]
[Result "0-1"]
[WhiteElo "2095"]
[BlackElo "2426"]
[PlyCount "156"]
[EventDate "2016.01.25"]

1. d4 d5 2. c4 c6 3. Nc3 Nf6 4. Nf3 dxc4 5. a4 e6 6. e3 Bb4 7. Bxc4 Qa5 8. Bd2
Nbd7 9. O-O O-O 10. Na2 Bxd2 11. Qxd2 Qxd2 12. Nxd2 e5 13. Nf3 exd4 14. Nxd4
Ne5 15. Be2 c5 16. Nf3 Bg4 17. Rac1 b6 18. Nc3 Nxf3+ 19. Bxf3 Bxf3 20. gxf3
Rfd8 21. Rfd1 Kf8 22. Kf1 Ke7 23. Ke2 Rd7 24. Rxd7+ Kxd7 25. Rd1+ Kc6 26. Nb5
Ne8 27. e4 a6 28. Nc3 Nd6 29. Nd5 Re8 30. Kd3 f5 31. Nc3 b5 32. axb5+ axb5 33.
Ra1 Kb6 34. b3 b4 35. Nd5+ Kb7 36. Rg1 g6 37. Re1 Kc6 38. Nf6 Rd8 39. Kc2 Nb5
40. e5 Nd4+ 41. Kb2 Ne6 42. Kc2 Rd4 43. Ra1 Kb7 44. Ra5 Rf4 45. Rb5+ Kc6 46.
Rb8 Rxf3 47. Rc8+ Kb7 48. Re8 Nd4+ 49. Kd2 Rxb3 50. e6 Rb2+ 51. Kd3 Re2 52. e7
b3 53. Nd5 b2 54. Nc3 Re5 55. Kc4 Nc6 56. Kb3 Rxe7 57. Rh8 Ne5 58. Kxb2 Nd3+
59. Kb3 Nxf2 60. Kc4 Ne4 61. Nd5 Rf7 62. Nf4 Kc6 63. Rc8+ Kd6 64. Ra8 Ke5 65.
Nd3+ Kf6 66. Ra6+ Kg5 67. Ne5 Rb7 68. Kd5 Kf4 69. Ra3 Nf6+ 70. Kd6 Ne8+ 71. Kd5
Nf6+ 72. Kd6 Ne4+ 73. Kd5 Re7 74. Rf3+ Kg5 75. Rf1 Kf6 76. Nc4 Rd7+ 77. Kc6 Rd3
78. h4 Nd2 0-1

[Event "January Lviv Tradition (IM-group)"]
[Site "Lviv"]
[Date "2016.01.29"]
[Round "8.3"]
[White "Kiolbasa, Oliwia"]
[Black "Pugachov, Ilia"]
[Result "1-0"]
[WhiteElo "2236"]
[BlackElo "2114"]
[PlyCount "45"]
[EventDate "2016.01.25"]

1. e4 c5 2. Nf3 d6 3. d4 cxd4 4. Nxd4 Nf6 5. Nc3 Nc6 6. Bg5 e6 7. Qd2 Be7 8.
O-O-O Nxd4 9. Qxd4 O-O 10. f3 Qa5 11. h4 Rd8 12. Kb1 a6 13. Qd2 Qc7 14. Bd3 b5
15. Ne2 Bb7 16. Nd4 d5 17. e5 Ne8 18. g4 Rdc8 19. Bxe7 Qxe7 20. f4 b4 21. f5
exf5 22. Nxf5 Qf8 23. Rhf1 1-0

[Event "January Lviv Tradition (IM-group)"]
[Site "Lviv"]
[Date "2016.01.29"]
[Round "8.4"]
[White "Szostko, Jakub"]
[Black "Goluch, Piotr"]
[Result "0-1"]
[WhiteElo "2198"]
[BlackElo "2308"]
[PlyCount "94"]
[EventDate "2016.01.25"]

1. e4 c6 2. d4 d5 3. Nc3 dxe4 4. Nxe4 Bf5 5. Ng3 Bg6 6. h4 h6 7. Nf3 e6 8. Ne5
Bh7 9. Bd3 Bxd3 10. Qxd3 Bd6 11. f4 Ne7 12. Bd2 Nd7 13. O-O-O Nf6 14. Ne4 Bxe5
15. dxe5 Qxd3 16. cxd3 Nxe4 17. dxe4 O-O-O 18. Be3 b6 19. h5 Rxd1+ 20. Rxd1 c5
21. g4 Nc6 22. Bd2 Kc7 23. Bc3 b5 24. b3 b4 25. Bb2 a5 26. a4 g6 27. hxg6 fxg6
28. f5 h5 29. Rh1 h4 30. Kb1 Ne7 31. f6 Nc6 32. Bc1 Nd8 33. Be3 Nf7 34. g5 h3
35. Bxc5 Nxg5 36. Be3 Nxe4 37. f7 Rf8 38. Rxh3 Rxf7 39. Rh4 Nc3+ 40. Kc2 Nd5
41. Bd2 Rf5 42. Rg4 Ne7 43. Be3 Kc6 44. Rc4+ Kd7 45. Rd4+ Nd5 46. Re4 Nxe3+ 47.
Rxe3 Kc6 0-1

[Event "January Lviv Tradition (IM-group)"]
[Site "Lviv"]
[Date "2016.01.29"]
[Round "8.5"]
[White "Bunyatov, Rustam"]
[Black "Sabuk, Piotr"]
[Result "1/2-1/2"]
[WhiteElo "2198"]
[BlackElo "2416"]
[PlyCount "97"]
[EventDate "2016.01.25"]

1. e4 e5 2. Nf3 Nc6 3. Bc4 d6 4. d3 g6 5. Be3 Bg7 6. Nc3 Nd4 7. Qd2 Nxf3+ 8.
gxf3 Nf6 9. O-O-O Be6 10. Bb3 Nh5 11. Bg5 Bf6 12. Be3 Qe7 13. Ne2 O-O-O 14. f4
Bg4 15. fxe5 dxe5 16. Rde1 b6 17. Qc3 Rd6 18. Qc4 Be6 19. Qa6+ Kb8 20. Nc3 Bc8
21. Qa3 c6 22. Bxf7 Rf8 23. Bc4 Bh4 24. Re2 Nf4 25. Rd2 Ne6 26. Bxe6 Rxe6 27.
Qxe7 Rxe7 28. Nd1 g5 29. Rg1 g4 30. Rg2 h5 31. b3 Bf6 32. Nc3 h4 33. Ne2 c5 34.
c4 Ref7 35. Kd1 Bd8 36. Ke1 Kb7 37. Rg1 Kc6 38. Nc3 a6 39. a3 Rf3 40. b4 Rh3
41. Rg2 Be6 42. Nd5 g3 43. fxg3 hxg3 44. hxg3 Bg4 45. Rg1 Rf3 46. Rf2 Rhxg3 47.
Rxg3 Rxg3 48. Rh2 Bh3 49. Ke2 $11 1/2-1/2

[Event "January Lviv Tradition (IM-group)"]
[Site "Lviv"]
[Date "2016.01.29"]
[Round "8.6"]
[White "Nester, Ihor"]
[Black "Krykun, Yuriy"]
[Result "1/2-1/2"]
[WhiteElo "2303"]
[BlackElo "2326"]
[PlyCount "81"]
[EventDate "2016.01.25"]

1. Nf3 c5 2. c4 g6 3. d4 cxd4 4. Nxd4 Nf6 5. g3 Bg7 6. Bg2 O-O 7. O-O Nc6 8.
Nc3 Ng4 9. e3 d6 10. b3 Nxd4 11. exd4 Nh6 12. Bb2 Nf5 13. Nd5 Rb8 14. Re1 e6
15. Ne3 Nxe3 16. Rxe3 b5 17. Ba3 bxc4 18. bxc4 Bb7 19. Bxb7 Rxb7 20. Rb3 Rd7
21. Rab1 Qc7 22. Qd3 Rc8 23. d5 exd5 24. cxd5 Re8 25. Qa6 Bd4 26. Qd3 Bf6 27.
Kg2 Kg7 28. Rc1 Qa5 29. Rc6 Qe1 30. Rxd6 Rxd6 31. Bxd6 Re2 32. Bc5 Rd2 33. Qe3
Qxe3 34. Bxe3 Rxa2 35. d6 Ra6 36. Rd3 Bd8 37. d7 Kf6 38. Rb3 Ke6 39. Rb7 Rd6
40. Rxa7 Rxd7 41. Rxd7 $11 1/2-1/2

[Event "January Lviv Tradition (IM-group)"]
[Site "Lviv"]
[Date "2016.01.30"]
[Round "9.1"]
[White "Krykun, Yuriy"]
[Black "Bondarets, Vadim"]
[Result "1/2-1/2"]
[WhiteElo "2326"]
[BlackElo "2299"]
[PlyCount "64"]
[EventDate "2016.01.25"]

1. Nf3 d5 2. d4 Nf6 3. c4 c6 4. e3 Bf5 5. Nc3 e6 6. Nh4 Bg4 7. Qb3 Qb6 8. h3
Bh5 9. c5 Qc7 10. g4 Bg6 11. Nxg6 hxg6 12. Bg2 Nbd7 13. Bd2 Be7 14. Qd1 b5 15.
b4 a5 16. bxa5 Rxa5 17. a4 bxa4 18. Rxa4 Rxa4 19. Qxa4 O-O 20. O-O e5 21. Rb1
Rb8 22. Rxb8+ Nxb8 23. Qa8 g5 24. Ne2 Nfd7 25. Nc1 Bf6 26. Nb3 Nf8 27. dxe5
Bxe5 28. e4 d4 29. Bxg5 Ne6 30. Bd2 Kh7 31. Qa4 Nd7 32. Qc4 Qa7 $11 1/2-1/2

[Event "January Lviv Tradition (IM-group)"]
[Site "Lviv"]
[Date "2016.01.30"]
[Round "9.2"]
[White "Sabuk, Piotr"]
[Black "Nester, Ihor"]
[Result "1-0"]
[WhiteElo "2416"]
[BlackElo "2303"]
[PlyCount "73"]
[EventDate "2016.01.25"]

1. e4 d6 2. d4 Nf6 3. Nc3 e5 4. Nf3 Nbd7 5. Bc4 Be7 6. a4 a5 7. O-O O-O 8. h3
Nb6 9. Ba2 Nfd7 10. Re1 exd4 11. Nxd4 Nc5 12. Nd5 Nxd5 13. Bxd5 Bf6 14. c3 Re8
15. f3 g6 16. Be3 Bg5 17. Bf2 Bh4 18. g3 Bf6 19. Kg2 Qd7 20. Rh1 c6 21. Bc4 Qe7
22. h4 h5 23. Qc2 Nd7 24. Rae1 Ne5 25. Ba2 Kg7 26. Qd1 Bd7 27. g4 hxg4 28. f4
Nf3 29. Nxf3 gxf3+ 30. Qxf3 Rh8 31. e5 Bxh4 32. exd6 Qd8 33. Bd4+ Bf6 34. Re7
Rf8 35. Bxf6+ Kxf6 36. Rh7 Be6 37. Qg4 1-0

[Event "January Lviv Tradition (IM-group)"]
[Site "Lviv"]
[Date "2016.01.30"]
[Round "9.3"]
[White "Goluch, Piotr"]
[Black "Bunyatov, Rustam"]
[Result "1/2-1/2"]
[WhiteElo "2308"]
[BlackElo "2198"]
[PlyCount "112"]
[EventDate "2016.01.25"]

1. Nf3 g6 2. g3 Bg7 3. d4 Nf6 4. Bg2 O-O 5. O-O d6 6. c4 c6 7. Nc3 Bf5 8. Ne1
Qc8 9. e4 Bh3 10. f4 Bxg2 11. Kxg2 b5 12. e5 Nfd7 13. cxb5 cxb5 14. Qb3 Nc6 15.
Be3 b4 16. Ne4 d5 17. Ng5 e6 18. f5 exf5 19. Qxd5 Nb6 20. Qb3 Qd7 21. Ngf3 Nd5
22. Rd1 Kh8 23. Bf4 Nd8 24. Nc2 Ne6 25. Bd2 a5 26. Ne3 Rfd8 27. Nc4 a4 28. Qd3
Qb5 29. b3 Kg8 30. h4 Bf8 31. Kh2 Rd7 32. Ng5 Be7 33. g4 Bxg5 34. Bxg5 f4 35.
Qf3 axb3 36. axb3 Ra2+ 37. Kh1 Rda7 38. Nd6 Qe2 39. Qxe2 Rxe2 40. Ra1 Rea2 41.
Rxa2 Rxa2 42. Rc1 Ra8 43. Ne4 Kg7 44. Bf6+ Kg8 45. Ng5 Nxd4 46. Rd1 Nxf6 47.
Rxd4 Nxg4 48. e6 fxe6 49. Rxf4 Ne3 50. Rxb4 e5 51. Rb7 Nf5 52. Nxh7 Ra1+ 53.
Kh2 Nxh4 54. Nf6+ Kf8 55. Nd7+ Ke7 56. Nxe5+ Kd6 $11 1/2-1/2

[Event "January Lviv Tradition (IM-group)"]
[Site "Lviv"]
[Date "2016.01.30"]
[Round "9.4"]
[White "Pugachov, Ilia"]
[Black "Szostko, Jakub"]
[Result "1/2-1/2"]
[WhiteElo "2114"]
[BlackElo "2198"]
[PlyCount "60"]
[EventDate "2016.01.25"]

1. d4 Nf6 2. c4 e6 3. g3 d5 4. Bg2 dxc4 5. Nf3 Bb4+ 6. Bd2 c5 7. O-O O-O 8.
dxc5 Bxc5 9. Qc2 Nc6 10. Qxc4 Be7 11. Bf4 Qb6 12. Nc3 Bd7 13. Rfd1 Na5 14. Qc7
Rfc8 15. Qxb6 axb6 16. Ne5 Be8 17. Rac1 b5 18. Be3 Nc6 19. Nxc6 Bxc6 20. Bxc6
bxc6 21. a3 Nd5 22. Nxd5 cxd5 23. Bd4 Kf8 24. f4 h5 25. Kf2 f5 26. h4 g6 27.
Ke3 Ke8 28. Kd3 Rc4 29. Rc3 Raa4 30. e3 Kd7 $11 1/2-1/2

[Event "January Lviv Tradition (IM-group)"]
[Site "Lviv"]
[Date "2016.01.30"]
[Round "9.5"]
[White "Shkuran, Daniil"]
[Black "Kiolbasa, Oliwia"]
[Result "1-0"]
[WhiteElo "2426"]
[BlackElo "2236"]
[PlyCount "69"]
[EventDate "2016.01.25"]

1. e4 e5 2. Nf3 Nc6 3. Bc4 Nf6 4. d3 Be7 5. Bg5 O-O 6. Nc3 d6 7. h3 Na5 8. Bb3
Nxb3 9. axb3 Kh8 10. d4 exd4 11. Qxd4 Ng8 12. h4 Bg4 13. O-O-O Bxg5+ 14. hxg5
Bxf3 15. gxf3 Qxg5+ 16. Kb1 Qe5 17. Qb4 Qc5 18. Qxb7 a5 19. Rd5 Qxf2 20. Rdh5
h6 21. Qxc7 Qxf3 22. Qxd6 Rab8 23. Qd4 Rb4 24. Qc5 Rfb8 25. Qg1 Rxe4 26. Nxe4
Qxe4 27. R1h4 Qe7 28. Ra4 Nf6 29. Rhxa5 Ne4 30. Qe3 Re8 31. Ka2 Kh7 32. Qf4 Nd6
33. Ra7 Qe6 34. R7a6 Rd8 35. Rd4 1-0